D.H. Lawrence ; a collection of criticism.

Bibliographic Details
Other Authors: Hamalian, Leo (Compiler)
Format: Book
Language:English
Published: New York : McGraw-Hill, [1973]
Series:Contemporary studies in literature.
Subjects:

MARC

Tag First Indicator Second Indicator Subfields
LEADER 00000cam a2200000 4500
001 in00002173321
005 20151104061046.0
008 730326s1973 nyu b 000 0 eng
010 |a  73005502  
020 |a 007025690X 
029 1 |a NLGGC  |b 784071705 
035 |a (OCoLC)ocm00609766 
040 |a DLC  |c DLC  |d OCLCQ  |d MUQ  |d TXA  |d UtOrBLW 
049 |a TXAM 
050 0 0 |a PR6023.A93  |b Z6312 
082 0 0 |a 823/.9/12 
100 1 |a Hamalian, Leo,  |e compiler. 
245 1 0 |a D.H. Lawrence ;  |b a collection of criticism. 
264 1 |a New York :  |b McGraw-Hill,  |c [1973] 
300 |a v, 151 pages ;  |c 21 cm. 
336 |a text  |b txt  |2 rdacontent 
337 |a unmediated  |b n  |2 rdamedia 
338 |a volume  |b nc  |2 rdacarrier 
490 1 |a Contemporary studies in literature 
505 0 |a Hamalian, L. Introduction.--Lawrence, D. H. Autobiographical sketch.--Lawrence, F. D. H. Lawrence, the failure.--Nin, A. Lawrence's world.--Kazin, A. Sons, lovers, and mothers.--Clarke, C. Reductive energy in The rainbow.--Cavitch, D. On Women in love.--Yudhishtar. The changing scene: Aaron's rod.--Beal, A. On Kangaroo.--Sagar, K. The lost trail: The plumed serpent.--Hough, G. On Lady Chatterley's lover.--Engel, M. The continuity of Lawrence's short novels.--Rexroth, K. The poetry of D. H. Lawrence.--Jacobson, D. D. H. Lawrence and modern society.--Bibliography (p. 145-151) 
600 1 0 |a Lawrence, D. H.  |q (David Herbert),  |d 1885-1930  |x Criticism and interpretation. 
650 0 |a Psychological fiction, English  |x History and criticism. 
830 0 |a Contemporary studies in literature. 
994 |a C0  |b TXA 
948 |a cataloged  |b h  |c 2006/7/18  |d c  |e lpayne  |f 3:24:46 pm 
999 |a MARS 
999 f f |s 2154f4ca-23f7-3e2e-839e-850bc618bbc8  |i 547bd52a-3006-3c21-a84f-e26e5f6e10a8  |t 0 
952 f f |p normal  |a Texas A&M University  |b College Station  |c Sterling C. Evans Library  |d Evans: Library Stacks  |t 0  |e PR6023.A93 Z6312  |h Library of Congress classification  |i unmediated -- volume  |m A14834576802 
998 f f |a PR6023.A93 Z6312  |t 0  |l Evans: Library Stacks